APEC Schools

Magnificat : (Record no. 6928)

000 -LEADER
fixed length control field nam a22 7a 4500
005 - DATE AND TIME OF LATEST TRANSACTION
control field 20200123062356.0
008 - FIXED-LENGTH DATA ELEMENTS--GENERAL INFORMATION
fixed length control field 190121b xxu||||| |||| 00| 0 eng d
020 ## - IDENTIFIER FOR THE MANIFESTATION
Identifier for the Manifestation 9789712727115
Binding paperback
040 ## - CATALOGING SOURCE
Language of Cataloging eng
Transcribing Agency APEC Schools Library
Description Conventions rda
082 ## - DEWEY DECIMAL CLASSIFICATION NUMBER
Classification number F 232.91
Author's Number M274 2012
245 ## - TITLE AND STATEMENT OF RESPONSIBILITY
Preferred Title Proper Magnificat :
Remainder of Title Mama Mary's pilgrim sites
264 ## - PUBLICATION STATEMENT
Place of publication, distribution, etc Mandaluyong City :
Publisher's Name/Parallel Publisher's Name Pasig City,
Copyright ©2012.
Date of Publication 2012.
300 ## - PHYSICAL DESCRIPTION
Extent viii, 167 pages :
Illustrative Content illustrations ;
Dimensions 22 cm.
336 ## - RDA CONTENT
Source rdacontent
Content Type text
337 ## - RDA MEDIA
Source rdamedia
Media Type unmediated
338 ## - RDA CARRIER
Source rdacarrier
Carrier Type volume
700 ## - ADDED AUTHORIZED ACCESS POINT - PERSONAL NAME
Preferred Name of the Person Brainard, Cecilia Manguerra
Title of the Person/Other Designation Associated/Field of Activity/Profession Collected and Edited by :
942 ## - ADDED ENTRY ELEMENTS (KOHA)
Source of Classification
Koha Item Type Books
Holdings
Library Site Location Shelving Location Source of Acquisition Full Classification Number Accession Number Koha Item Type
APEC Bacoor Library APEC Bacoor Library Filipiniana Institutional Fund F 232.91 M274 B04-0000165 Non Fiction
APEC Calumpang Library APEC Calumpang Library Filipiniana Institutional Fund F 232.91 M274 B10-0000195 Non Fiction
APEC Dasmarinas Library APEC Dasmarinas Library Filipiniana Institutional Fund F 232.91 M274 B03-0000189 Non Fiction
APEC España Library APEC España Library Filipiniana Institutional Fund F 232.91 M274 B11-0000151 Non Fiction
APEC Grace Park West Library APEC Grace Park West Library Filipiniana Institutional Fund F 232.91 M274 A09-0000199 Non Fiction
APEC JRU Lipa Library APEC JRU Lipa Library Filipiniana Institutional Fund F 232.91 M274 B12-0000191 Non Fiction
APEC Marikina Heights Library APEC Marikina Heights Library Filipiniana Institutional Fund F 232.91 M274 A08-0000189 Non Fiction
APEC Concepcion Dos Library APEC Marikina Heights Library Filipiniana Institutional Fund F 232.91 M274 C02-0000191 Non Fiction
APEC Muntinlupa Library APEC Muntinlupa Library Filipiniana Institutional Fund F 232.91 M274 B01-0000269 Non Fiction
APEC New Manila Library APEC New Manila Library Filipiniana Institutional Fund F 232.91 M274 C03-0000192 Non Fiction
APEC North Fairview Library APEC North Fairview Library Filipiniana Institutional Fund F 232.91 M274 A04-0000126 Non Fiction
APEC Ortigas Extension, Cainta Library APEC Ortigas Extension, Cainta Library Filipiniana Institutional Fund F 232.91 M274 B09-0000185 Non Fiction
APEC Roxas Boulevard Library APEC Roxas Boulevard Library Filipiniana Institutional Fund F 232.91 M274 B06-0000155 Non Fiction
APEC Silangan, Pateros Library APEC Silangan, Pateros Library Filipiniana Institutional Fund F 232.91 M274 B07-0000170 Non Fiction
APEC Sta. Rita Library APEC Sta. Rita Library Filipiniana Institutional Fund F 232.91 M274 B02-0000191 Non Fiction
APEC Sta. Rita Library APEC Sta. Rita Library Filipiniana Institutional Fund F 232.91 M274 B02-0000216 Non Fiction
APEC Taytay Library APEC Taytay Library Filipiniana Institutional Fund F 232.91 M274 B08-0000161 Non Fiction
APEC Tondo Library APEC Tondo Library Filipiniana Institutional Fund F 232.91 M274 A10-0000261 Non Fiction
APEC V. Luna Library APEC V. Luna Library Filipiniana Institutional Fund F 232.91 M274 A01-0000140 Non Fiction

Powered by Koha